ADTs, data structures, and problem solving with C++ / (Record no. 1548)
[ view plain ]
| 000 -LEADER | |
|---|---|
| fixed length control field | 00895nac a22002291u 4500 |
| 008 - FIXED-LENGTH DATA ELEMENTS--GENERAL INFORMATION | |
| fixed length control field | 111009s2005 us ||||| |||| 001 0 eng d |
| 020 ## - INTERNATIONAL STANDARD BOOK NUMBER | |
| International Standard Book Number | 0131327941 (pbk.) |
| 020 ## - INTERNATIONAL STANDARD BOOK NUMBER | |
| International Standard Book Number | 9780131327948 (pbk.) |
| 082 ## - DEWEY DECIMAL CLASSIFICATION NUMBER | |
| Classification number | 005.133 |
| Item number | NYH |
| Edition number | 22 |
| 100 ## - MAIN ENTRY--PERSONAL NAME | |
| Personal name | Nyhoff, Larry R. |
| 9 (RLIN) | 27425 |
| 245 ## - TITLE STATEMENT | |
| Title | ADTs, Data Structures, and Problem Solving with C++ / |
| Statement of responsibility, etc | Larry R. Nyhoff. |
| 250 ## - EDITION STATEMENT | |
| Edition statement | 2nd ed. |
| 260 ## - PUBLICATION, DISTRIBUTION, ETC. (IMPRINT) | |
| Place of publication, distribution, etc | Upper Saddle River, N.J. : |
| Name of publisher, distributor, etc | Pearson Education International, |
| Date of publication, distribution, etc | c2005. |
| 300 ## - PHYSICAL DESCRIPTION | |
| Extent | 1 v. (various pagings) : |
| Other physical details | ill. ; |
| Dimensions | 25 cm. |
| 500 ## - GENERAL NOTE | |
| General note | Rev. ed. of: C++: an introduction to data structures. 1999. |
| 500 ## - GENERAL NOTE | |
| General note | Includes index. |
| 650 ## - SUBJECT ADDED ENTRY--TOPICAL TERM | |
| Topical term or geographic name as entry element | C++ (Computer program language) |
| 9 (RLIN) | 27426 |
| 650 ## - SUBJECT ADDED ENTRY--TOPICAL TERM | |
| Topical term or geographic name as entry element | Data structures (Computer science) |
| 9 (RLIN) | 27427 |
| 653 ## - INDEX TERM--UNCONTROLLED | |
| Resource For college | |
| Arrived date list | October2011 |
| 700 ## - ADDED ENTRY--PERSONAL NAME | |
| Personal name | Nyhoff, Larry R. |
| -- | b an inroduction to data structures. |
| -- | t C++ : |
| 9 (RLIN) | 27428 |
| 942 ## - ADDED ENTRY ELEMENTS (KOHA) | |
| Item type | NB - Book (Non borrowing) |
| Call number prefix | 005.133 NYH |
| Source of classification or shelving scheme | Dewey Decimal Classification |
| Withdrawn status | Item status | Source of classification or shelving scheme | Damaged status | Not for loan | Vendor | Home library | Current library | Shelving location | Date acquired | Source of acquisition | Total Checkouts | Full call number | Barcode | Date last seen | Koha item type | Total Renewals | Date last borrowed | Checked out |
|---|---|---|---|---|---|---|---|---|---|---|---|---|---|---|---|---|---|---|
| Dewey Decimal Classification | Baccah | Central Library | Central Library | Lower Floor | 06/11/2005 | 005.133 NYH | 000002805 | 15/07/2025 | NB - Book (Non borrowing) | |||||||||
| Dewey Decimal Classification | Baccah | Central Library | Central Library | Lower Floor | 07/12/2011 | 10 | 005.133 NYH | 000005959 | 15/07/2025 | Book - Borrowing | 11 | 01/08/2021 | ||||||
| Dewey Decimal Classification | Baccah | Central Library | Central Library | Lower Floor | 09/10/2011 | 8 | 005.133 NYH | 000005960 | 01/12/2020 | Book - Borrowing | 44 | 01/12/2020 | 08/12/2020 | |||||
| Dewey Decimal Classification | Baccah | Central Library | Central Library | Lower Floor | 09/10/2011 | 4 | 005.133 NYH | 000025225 | 15/07/2025 | Book - Borrowing | 43 | 02/03/2020 | ||||||
| Dewey Decimal Classification | Baccah | Central Library | Central Library | Lower Floor | 27/01/2013 | 2 | 005.133 NYH | 000002806 | 15/07/2025 | Book - Borrowing | 9 | 14/07/2021 | ||||||
| Dewey Decimal Classification | Central Library | Central Library | Lower Floor | 25/03/2018 | Donation | 1 | 005.133 NYH | 000047499 | 15/07/2025 | Book - Borrowing | 3 | 05/05/2019 |